| Tag |
First Indicator |
Second Indicator |
Subfields |
| LEADER |
00000cam a2200000Ia 4500 |
| 001 |
in00002425986 |
| 005 |
20190327171448.0 |
| 006 |
m d |
| 007 |
cr cn||||||||| |
| 008 |
070802s2007 ne a sb 001 0 eng d |
| 020 |
|
|
|a 9780444527714
|
| 020 |
|
|
|a 0444527710
|
| 035 |
|
|
|a (OCoLC)ocn162131441
|
| 035 |
|
|
|a (OCoLC)162131441
|
| 037 |
|
|
|a 133525:133650
|b Elsevier Science & Technology
|n http://www.sciencedirect.com
|
| 040 |
|
|
|a OPELS
|c OPELS
|d BAKER
|d OPELS
|d UtOrBLW
|
| 049 |
|
|
|a TEFA
|
| 050 |
1 |
4 |
|a RA1238
|b .G74 2007
|
| 060 |
1 |
4 |
|a 2007 F-019
|
| 060 |
1 |
4 |
|a QV 771
|b G787h 2007
|
| 082 |
0 |
4 |
|a 615.9
|2 22
|
| 100 |
1 |
|
|a Greaves, P.
|q (Peter),
|c M.B., Ch.B.
|
| 245 |
1 |
0 |
|a Histopathology of preclinical toxicity studies :
|b interpretation and relevance in drug safety evaluation /
|c Peter Greaves.
|
| 250 |
|
|
|a 3rd ed.
|
| 264 |
|
1 |
|a Amsterdam ;
|a New York :
|b Academic Press,
|c 2007.
|
| 300 |
|
|
|a vii, 953 pages :
|b color illustrations ;
|c 25 cm.
|
| 336 |
|
|
|a text
|b txt
|2 rdacontent
|
| 337 |
|
|
|a computer
|b c
|2 rdamedia
|
| 338 |
|
|
|a online resource
|b cr
|2 rdacarrier
|
| 533 |
|
|
|a Electronic reproduction.
|b Amsterdam :
|c Elsevier Science & Technology,
|d 2007.
|n Mode of access: World Wide Web.
|n System requirements: Web browser.
|n Title from title screen (viewed on July 25, 2007).
|n Access may be restricted to users at subscribing institutions.
|
| 520 |
|
|
|a This work covers effectively all aspects of drug-induced pathology that may be encountered within preclinical toxicity studies. It fills a gap in the pathology literature relating to the preclinical safety assessment of new medicines. It systematically describes, in one volume, both spontaneous and drug induced pathology on an organ by organ basis. Information relevant to understanding the nature of pathological changes in pre-clinical studies and assessment of their relevance to the clinical investigation of new drugs is also covered. Numerous colour photographs are included that highlight and embellish the histopathological features that are described. It also contains many pertinent references to both human and animal pathology forming an essential basis for the assessment of drug-induced pathology. NEW TO THE THIRD EDITION: * Covers drug induced pathology in preclinical (animal) studies and their relevance for patients or volunteers in clinical studies * General comments to each chapter about the relevance of pathological findings to humans * Provides essential information that can help decide the relevance of particular lesions for patients.
|
| 505 |
0 |
|
|a Introduction -- Integumentary System -- Mammary Gland -- Haemopoietic and Lymphatic Systems -- Musculoskeletal System -- Respiratory Tract -- Cardiovascular System -- Gastrointestinal tract.
|
| 504 |
|
|
|a Includes bibliographical references and index.
|
| 500 |
|
|
|a Electronic resource.
|
| 650 |
1 |
2 |
|a Drug Evaluation, Preclinical.
|
| 650 |
2 |
2 |
|a Animals, Laboratory.
|
| 650 |
2 |
2 |
|a Histology.
|
| 650 |
2 |
2 |
|a Pathology.
|
| 650 |
|
0 |
|a Drugs
|x Toxicity testing.
|
| 650 |
|
0 |
|a Laboratory animals
|x Histopathology.
|
| 655 |
|
7 |
|a Electronic books.
|2 local
|
| 776 |
1 |
|
|c Original
|z 9780444527714
|z 0444527710
|w (OCoLC)123373759
|
| 710 |
2 |
|
|a ScienceDirect (Online service)
|
| 856 |
4 |
0 |
|u http://proxy.library.tamu.edu/login?url=http://www.sciencedirect.com/science/book/9780444527714
|z Connect to the full text of this electronic book
|t 0
|
| 938 |
|
|
|a Baker & Taylor
|b BKTY
|c 159.00
|d .00
|i 0444527710
|n 0007045425
|s active
|
| 994 |
|
|
|a C0
|b TEF
|
| 999 |
|
|
|a MARS
|
| 999 |
f |
f |
|s adffcbd0-6caf-3076-b276-decbfd3fd6b5
|i 28c472c0-2769-3d26-a050-fc54bba22d4d
|t 0
|
| 952 |
f |
f |
|a Texas A&M University
|b College Station
|c Electronic Resources
|d Available Online
|t 0
|e RA1238 .G74 2007
|h Library of Congress classification
|
| 998 |
f |
f |
|a RA1238 .G74 2007
|t 0
|l Available Online
|